| 000 | 00871nam a2200217Ii 4500 | ||
|---|---|---|---|
| 003 | JO-AjNU | ||
| 008 | 230605s9999||||xx |||||||||||||| ||und|| | ||
| 017 | _a2010/1188 | ||
| 020 | _a978-9957-24-780-8 | ||
| 040 |
_aJO-AjNU _bara _erda _cJO-AjNU |
||
| 041 | _aara | ||
| 050 | 1 | 4 | _aGR285.S6412 2010 |
| 100 | 3 |
_aتاليف مهوي، ابراهيم، م.مشارك كناعنه، شريف؛ تحقيق وترجمة سليمان، جابر، تحقيق وترجمة مهوي، ابراهيم, _eauthor _950563 |
|
| 245 | 0 | 0 | _aقول يا طير: نصوص في الحكاية الشعبية الفلسطينية |
| 264 | 3 | 1 | _aعمان: وزارة الثقافة، 2010 |
| 300 | _a397ص | ||
| 336 |
_atext _btxt _2rdacontent |
||
| 337 |
_aunmediated _bn _2rdamedia |
||
| 338 |
_avolume _bnc _2rdacarrier |
||
| 650 | 4 |
_aقلسطين- الحكايات الشعبية _950564 |
|
| 999 |
_aA22281 _c25849 _d25849 |
||